000 00568nam a2200229Ia 4500
003 OSt
005 20221005123306.0
006 a|||||r|||| 00| 0
007 ta
008 221004b |||||||| |||| 00| 0 fre d
024 _a113820
037 _cTextual
040 _aCRL
_cCRL
_bfre
041 _2fre
_afre
082 _aX.6.N6y7, 122K4
100 _aGerard Adam
_9633488
245 0 _aLA C. F. T. C. 1940 - 1958
260 _c1964
300 _a302p.
_ccm.
942 _hX.6.N6y7, 122K4
_cTEXL
_2cc
999 _c1046963
_d1046963